ŚWIATOWY RANKING FIFA 1-15 - Statystyki

Ogólne statystyki
  • Ten quiz został rozwiązany 109 razy
  • Średni wynik to 13 z 15
Statystyki odpowiedzi
Hint Odpowiedź % Poprawnych
1 Brazylia
99%
4 Argentyna
98%
2 Belgia
98%
3 Francja
98%
7 Hiszpania
98%
5 Anglia
96%
8 Portugalia
96%
10 Holandia
93%
6 Włochy
93%
12 Niemcy
92%
15 USA
75%
9 Meksyk
74%
11 Dania
66%
13 Urugwaj
65%
14 Szwajcaria
60%
Nie znaleziono quizów pasujących do podanych kryteriów
Rozkład punktacji
Procent ludzi z każdym wynikiem
Percentyl według liczby udzielonych odpowiedzi
Twoja historia wyników
Nie rozwiązałeś tego quizu